00469nam a2200145Ia 4500008004100000082001300041082000800054245009200062245002000154260002000174300000900194942000800203999001900211952009300230231017s9999 xx 000 0 und d a624.1521 bEDI 0aInvestigation of the DCP and SSG as Alternative Methods to Determine Subgrade Stability 0cTauncer B. Edil bTauncer B. Edil c30cm cREP c603815d603815 00104070aNITbNITd2023-10-17l0o624.1521 EDIpNIT-1369r2023-10-17w2023-10-17yREP